| 000 | 01241cam a2200325 ab4500 | ||
|---|---|---|---|
| 999 |
_c2770 _d2770 |
||
| 001 | 655084 | ||
| 003 | INLPI | ||
| 005 | 20230819154322.0 | ||
| 008 | 080519s2014 enka g 000 f eng d | ||
| 020 |
_a9780194786133 _q(pbk.) |
||
| 040 |
_aNLPI _beng _cNLPI _dNLPI _dKH8 _eaacr2 |
||
| 042 | _anbic | ||
| 082 | 0 | _a428.6 SHA | |
| 100 | 1 |
_aShakespeare, William, _d1564-1616, _eauthor. |
|
| 245 | 1 | 0 |
_aWilliam Shakespeare's a midsummer night's dream / _creold by R.J. Corrall ; illustrated by Fausto Bianchi. |
| 246 | 1 |
_iTitlw from cover : _aA midsummer night's dream. |
|
| 260 |
_aOxford : _bOxford University Press, _cc2014. |
||
| 300 |
_a72 pages : _billustrations ; _c20 cm. |
||
| 490 | 1 | _aOxford bookworms library. Classics, Stage 3. | |
| 500 | _aSeries editors : Jennifer Bassett. | ||
| 500 | _aOxford bookworms library stage 3: 1,000 headwords ; word count: 11,167. | ||
| 500 | _aFirst published in Oxford Bookworms 2014. | ||
| 650 | 0 | _aEasy to read materials. | |
| 650 | 0 | _aHigh interest-low vocabulary books. | |
| 650 | 0 |
_aReading comprehension _vProblems, exercises, etc. |
|
| 700 | 1 | _aCorrall, R.J. | |
| 700 | 1 |
_aBianchi, Fausto, _eillustrator. |
|
| 830 | 0 |
_aOxford bookworms library. _pClassics, _nStage 3. |
|
| 942 |
_2ddc _cTR |
||